Twin Peaks Characters Quiz Stats

 Plays Quiz Updated Jun 14, 2014

     
Support Sporcle.
Go Orange.
Score 0/49 Timer 15:00
1 Play Today
Actor/Actress Character % Correct
Kyle MacLachlanDale Cooper
94.7%
Sheryl LeeLaura Palmer/Maddy Ferguson
92.5%
Frank SilvaBOB
87.5%
Michael OntkeanSheriff Harry S. Truman
85.2%
Sherilyn FennAudrey Horne
83.1%
James MarshallJames Hurley
81.4%
Ray WiseLeland Palmer
81.4%
Dana AshbrookBobby Briggs
81.3%
Lara Flynn BoyleDonna Hayward
78.8%
Madchen Amick Shelly Johnson
77.6%
Harry GoazDeputy Andy Brennan
76.3%
Eric Da ReLeo Johnson
75.5%
Michael HorseDeputy Hawk
73.3%
Kimmy RobertsonLucy Moran
72.8%
Richard BeymerBenjamin Horne
72.5%
Everett McGillBig Ed Hurley
72.4%
Joan ChenJosie Packard
72.1%
Peggy LiptonNorma Jennings
68.5%
Al StrobelMIKE
68.3%
Jack NancePete Martell
67.3%
Catherine E. CoulsonThe Log Lady
67.3%
Gary HershbergerMike Nelson
67%
Piper LaurieCatherine Martell
66.8%
Wendy RobieNadine Hurley
65.2%
David LynchGordon Cole
64.1%
Actor/Actress Character % Correct
Grace ZabriskieSarah Palmer
64.1%
Miguel FerrerAlbert Rosenfield
62.5%
David Patrick KellyJerry Horne
59.9%
Russ TamblynDoctor Lawrence Jacoby
58.8%
Heather GrahamAnnie Blackburn
58.2%
Carel StruyckenThe Giant
56.8%
Don S. DavisMajor Garland Briggs
55.8%
Chris MulkeyHank Jennings
55%
Warren FrostDoctor William Hayward
53.2%
David DuchovnyDennis Bryson
52.7%
Michael J. AndersonThe Man From Another Place
52.5%
Walter OlkewiczJacques Renault
50.5%
Kenneth WelshWindom Earle
46.2%
Michael ParksJean Renault
45.4%
Dan O'HerlihyAndrew Packard
43.1%
Ian BuchananDick Tremayne
37.1%
Phoebe AugustineRonette Pulaski
31.6%
Lenny Von DohlenHarold Smith
29.1%
Victoria CatlinBlacky O'Reilly
27.6%
Clay WilcoxBernard Renault
23.6%
Mary Jo DeschanelEileen Hayward
22.2%
Robyn LivelyLana Budding Milford
16.9%
John BoylanMayor Dwayne Milford
14.6%
Don AmendoliaEmory Battis
11.7%

From the Vault

Remove Ads.
Support Sporcle.
Get the best of Sporcle when you Go Orange. This ad-free experience offers more features, more stats, and more fun while also helping to support Sporcle. Thank you for becoming a member.

Show Comments

Extras

Top Quizzes Today


Score Distribution

Your Account Isn't Verified!

In order to create a playlist on Sporcle, you need to verify the email address you used during registration. Go to your Sporcle Settings to finish the process.

Report this User

Report this user for behavior that violates our Community Guidelines.

Details: